| 000 | 01009nac a22002651u 4500 | ||
|---|---|---|---|
| 010 | _a 00039278 | ||
| 020 | _a0471381497 (cloth : alk. paper) | ||
| 082 | 0 | 0 |
_a620.106 _bWEL |
| 090 |
_c5515 _d5515 |
||
| 100 | _a20080729 | ||
| 245 | 0 | 0 |
_aFundamentals of momentum, heat, and mass transfer / _cJames R. Welty ... [et al.]. |
| 250 | _a4th ed. | ||
| 260 |
_aNew York : _bWiley,2001 _cc2001. |
||
| 300 |
_axii, 759 p. : _bill. ; _c26 cm. |
||
| 500 | _adistributer: Al-Ahram | ||
| 511 | _acatalogued by: wessam | ||
| 650 | 0 | _aFluid mechanics. | |
| 650 | 0 |
_aHeat _xTransmission. |
|
| 650 | 0 | _aMass transfer. | |
| 700 | 1 | _aWelty, James R. | |
| 856 | 4 | 2 |
_3Publisher description _uhttp://www.loc.gov/catdir/description/wiley035/00039278.html |
| 856 | 4 | 2 |
_3Table of Contents _uhttp://www.loc.gov/catdir/toc/onix07/00039278.html |
| 942 |
_cBB _k620.106WEL |
||
| 999 |
_c5515 _d5515 |
||